Mannschaften nach Bundesliga-Platzierungen 1964 – 1970 - Statistiken

Allgemein
  • Dieses Quiz wurde 251 mal gespielt
  • Das Durchschnittsergebnis liegt bei 19 aus 26
Antwortstatistiken
Mannschaft % Korrekt
1. FC Köln
99%
FC Bayern München
86%
1. FC Nürnberg
81%
TSV 1860 München
81%
Borussia Mönchengladbach
80%
Meidericher SV/MSV Duisburg
80%
SV Werder Bremen
80%
Borussia Dortmund
78%
Eintracht Braunschweig
78%
Hamburger SV
76%
1. FC Saarbrücken
75%
Eintracht Frankfurt
75%
Hertha BSC Berlin
74%
SC Preußen Münster
74%
VfB Stuttgart
74%
FC Schalke 04
72%
1. FC Kaiserslautern
71%
Hannover 96
69%
Karlsruher SC
68%
SC Tasmania 1900 Berlin
67%
Rot-Weiss Essen
63%
Borussia Neunkirchen
62%
TSV Alemannia Aachen
62%
Kickers Offenbach
59%
Rot-Weiß Oberhausen
55%
Fortuna Düsseldorf
54%
Keine übereinstimmenden Quizze gefunden
Verteilung der Resultate
Anzahl Personen mit jedem Resultat
Perzentil nach korrekt beantworteten Fragen
Ihre Resultats-Entwicklung
Sie haben dieses Quiz noch nicht gespielt